Qui sont ces Mii? - Statistiques

Statistiques générales
  • Ce quiz a été pris 168 fois
  • Le résultat moyen est 7 sur 20
Statistiques - réponses
Par images Réponse % Correct
Batman
100%
Iron Man
100%
Mario
92%
Luigi
91%
François Hollande
90%
Michael Jackson
90%
Donald Trump
89%
Gims
84%
Sammy
82%
Mr.Bean
79%
Monsieur Burns
70%
Le capitaine Crochet
65%
Freddie Mercury
61%
Peter Griffin
59%
Elton John
58%
Walter White
56%
Princesse Zelda
55%
Morgan Freeman
53%
Pierre
53%
Albus Dumbledore
52%
Chewbacca
52%
Gandalf
52%
Joseph Staline
50%
Stan Lee
46%
Betty Boop
45%
Karl Marx
43%
Frida Kahlo
38%
Professeur Chen
38%
Chicken Little
35%
Bob Ross
33%
Robin
33%
Arnold Schwarzenegger
30%
Dexter
30%
Porco Rosso
28%
Professeur Layton
28%
Sylvester Stallone
28%
Germaine
27%
Bébé Daisy
26%
Capitaine Olimar
26%
Chétiflor
25%
Gaï Maïto
25%
Hamburger
22%
Nigel Delajungle
22%
Stewie Griffin
21%
Matt
19%
Hellboy
18%
John Cena
17%
Obi-Wan Kenobi
17%
Villageois
17%
Steve Harvey
16%
Docteur Octopus
15%
Dr. House
15%
Musclor
15%
Shigeru Miyamoto
14%
Lakitu
13%
Raymond
13%
Frisk
11%
Hideo Kojima
10%
Nico Robin
10%
Vlad III l'Empaleur
10%
Sheldon Cooper
7%
Austin Powers
6%
Charlie Brown
6%
Huey Freeman
6%
Tyrion Lannister
6%
Satoru Iwata
5%
Tenzin Gyatso
5%
Benjamin Hunter
4%
Tingle
4%
James Wilson
3%
Markiplier
3%
Nikki
3%
Al Capone
0%
Bernadette Chirac
0%
Chef suédois
0%
Hank Hill
0%
Morshu
0%
Reggie Fils-Aimé
0%
Solid Snake
0%
William Shakespeare
0%
Aucun quiz correspondant
Distribution des résultats
% des personnes avec chaque résultat
Percentile par nombre de réponses
Votre historique - résultats
Vous n’avez pas pris ce quiz